000 00861nam a2200181 a 4500
008 260220e2023 sp a|||f |||| 00| 0 spa d
020 _a9780323760287
041 _aspa
092 _c611.022
_lNET
_s55
100 1 _aNetter, Frank H.
_9147
245 _aAtlas de Anatomía Humana /
_cFrank H. Netter.
250 _a8va ed. versión en español de la obra original en inglés
_bTraducción Elsevier España
260 _aBarcelona:
_bElsevier;
_c2023.
300 _a716 p.
_bil. tablas.
500 _aNetter, F. H. (2019). Atlas de anatomía humana. (7a ed.). Barcelona : Elsevier ; Masson. Compra uncoma julio 2019. Ejemplar mojado por Sofia Lara, se mantuvo ejemplar e inventario. Lo repuso 25/11/2019.
590 _aLibro reemplazado por Said Alvarez, libro fue mojado. Reposición el 6/5/2024 por 8va ed. Se mantiene el inventario.
942 _2ddc
_cBK
999 _c3318
_d3318